000 01518cab a2200241 4500
001 ABS58941
008 090401t1998 xxu||||| |||| 00| 0 eng d
035 _a(Sirsi) u87091
041 _aeng
245 _aW H Tolley & Son Ltd v SoS Environment and Torridge DC
260 _c1998
350 _a0
490 _aProperty, planning & compensation reports
_v[1998] 75 P&CR 533-537(5)
520 _aQBD 20 May 1997. W H Tolley & Son Ltd (T) was granted temporary planning permission in respect of a builders yard on the basis that T intended to relocate. The site adjoined a residential estate, with access via an estate road which narrowed as it approached the site. T did not relocate and after the temporary permission expired applied to carry out some development on the site, which was refused. An appeal was also refused. T applied for the inspectors decision to be quashed on the grounds that no justification had been given for an increase in traffic flows and no allowance had been made for the reduction in noise and visual effects resulting form operation within a workshop rather than an open site. "Held" the Inspector had omitted no material consideration and had given sufficiently clear reasons for his decision. Appeal dismissed.
650 _aACCESS ROAD
650 _aCONSOLIDATION
650 _aLOCAL PLAN
650 _aSNOWDEN V SOS ENVIRONMENT
650 _aTOWN AND COUNTRY PLANNING ACT 1990 S288
690 _aPLANNING LAW AND PRACTICE-CASE LAW
942 _n0
948 _c30/06/1998
999 _c54881
_d54881